[Event "Madrid ch 2022-2023 Semifinal"]
[Site "Madrid ESP"]
[Date "2023.05.04"]
[Round "2.1"]
[White "Pastor Alonso De Prado, Alberto"]
[Black "Horcajuelo Rocamora, Martin"]
[Result "0-1"]
[WhiteElo "2055"]
[BlackElo "2274"]
[PlyCount "46"]
[EventDate "2023.05.03"]
[EventType "swiss"]
[EventRounds "9"]
[EventCountry "ESP"]
[SourceTitle "Ajedrez en Madrid"]
[Source "lmi"]
[SourceDate "2023.05.03"]
[SourceVersion "1"]
[SourceVersionDate "2023.05.10"]
[SourceQuality "1"]

1. Nf3 d5 2. b3 Nf6 3. Bb2 e6 4. e3 Bd6 5. c4 O-O 6. Be2 Re8 7. d4 b6 8. O-O
Bb7 9. Qc2 Nbd7 10. Nbd2 Rc8 11. Rad1 Qe7 12. Ne5 c5 13. Bd3 h6 14. f4 dxc4 15.
bxc4 b5 16. Qb3 cxd4 17. exd4 bxc4 18. Qxb7 cxd3 19. Nc6 Qf8 20. Nc4 Nb6 21.
Nxb6 Rc7 22. Qa6 Rxc6 23. Qxa7 Rb8 0-1

[Event "Madrid ch 2022-2023 Semifinal"]
[Site "Madrid ESP"]
[Date "2023.05.04"]
[Round "2.2"]
[White "Rey Martinez, Jaime"]
[Black "Torres Rebolledo, Alvaro"]
[Result "1-0"]
[WhiteElo "2217"]
[BlackElo "2082"]
[PlyCount "101"]
[EventDate "2023.05.03"]
[EventType "swiss"]
[EventRounds "9"]
[EventCountry "ESP"]
[SourceTitle "Ajedrez en Madrid"]
[Source "lmi"]
[SourceDate "2023.05.03"]
[SourceVersion "1"]
[SourceVersionDate "2023.05.10"]
[SourceQuality "1"]

1. e4 e5 2. Nf3 Nc6 3. Bb5 a6 4. Ba4 Nf6 5. O-O Be7 6. Re1 b5 7. Bb3 d6 8. c3
O-O 9. d3 Na5 10. Bc2 c5 11. Nbd2 Rb8 12. Nf1 Nc6 13. Qe2 b4 14. Ne3 Be6 15. h3
Nh5 16. Nd5 bxc3 17. bxc3 Bf6 18. d4 exd4 19. g4 dxc3 20. gxh5 Bxh3 21. h6 Bg4
22. Qe3 Kh8 23. Nh2 Bh5 24. Qh3 Nd4 25. Bd3 Bg6 26. Nxc3 Qa5 27. Bd2 Rb2 28.
Qe3 c4 29. Bb1 Nb3 30. axb3 Qe5 31. Ng4 Qe6 32. Nxf6 gxf6 33. bxc4 Rg8 34. Ne2
Bh5+ 35. Ng3 Qh3 36. Ra3 Qe6 37. Bc3 Rbb8 38. Qf4 Rg6 39. Qf5 Qxc4 40. Qxh5 Rb5
41. Qe2 Qc8 42. Ba1 Qc5 43. Re3 Rxh6 44. Rc3 Qg5 45. Qe3 Qh4 46. Rc8+ Kg7 47.
Qf3 Qh2+ 48. Kf1 Qh3+ 49. Qg2 Qxc8 50. Nf5+ Kf8 51. Qg7+ 1-0

[Event "Madrid ch 2022-2023 Semifinal"]
[Site "Madrid ESP"]
[Date "2023.05.04"]
[Round "2.3"]
[White "Barraza Caracuel, Ignacio"]
[Black "Longa Yauca, Javier"]
[Result "0-1"]
[WhiteElo "2042"]
[BlackElo "2216"]
[PlyCount "64"]
[EventDate "2023.05.03"]
[EventType "swiss"]
[EventRounds "9"]
[EventCountry "ESP"]
[SourceTitle "Ajedrez en Madrid"]
[Source "lmi"]
[SourceDate "2023.05.03"]
[SourceVersion "1"]
[SourceVersionDate "2023.05.10"]
[SourceQuality "1"]

1. e4 e5 2. Nf3 d6 3. d4 Nf6 4. Nc3 Nbd7 5. Bc4 exd4 6. Nxd4 Be7 7. O-O O-O 8.
Nf5 Nb6 9. Nxe7+ Qxe7 10. Bd3 h6 11. Bf4 Be6 12. b3 Nfd7 13. Qh5 Qf6 14. Bd2
Ne5 15. h3 Nxd3 16. cxd3 Rfd8 17. f4 Qd4+ 18. Kh1 Qxd3 19. Rad1 f5 20. Rf3 Qc2
21. Rg3 Rd7 22. Qxh6 Re8 23. Qg6 Rf7 24. Rg5 Nd7 25. g4 Nf8 26. Qh5 fxe4 27. f5
Bd7 28. Qh4 Bc6 29. Rh5 e3+ 30. Kg1 Rf6 31. Rh8+ Kf7 32. g5 Rxf5 0-1

[Event "Madrid ch 2022-2023 Semifinal"]
[Site "Madrid ESP"]
[Date "2023.05.04"]
[Round "2.4"]
[White "Martinez Fernandez, Raul"]
[Black "Luque Ibanes, Manuel"]
[Result "1/2-1/2"]
[WhiteElo "2190"]
[BlackElo "2047"]
[PlyCount "62"]
[EventDate "2023.05.03"]
[EventType "swiss"]
[EventRounds "9"]
[EventCountry "ESP"]
[SourceTitle "Ajedrez en Madrid"]
[Source "lmi"]
[SourceDate "2023.05.03"]
[SourceVersion "1"]
[SourceVersionDate "2023.05.10"]
[SourceQuality "1"]

1. e4 d6 2. d4 Nf6 3. Nc3 e5 4. Nf3 Nbd7 5. Bc4 Be7 6. O-O O-O 7. Re1 c6 8. a4
a5 9. h3 h6 10. Be3 Qc7 11. Bb3 Re8 12. Qb1 exd4 13. Nxd4 Nc5 14. Bc4 Ncxe4 15.
Nxe4 Nxe4 16. c3 d5 17. Bd3 Bd6 18. Qd1 Qe7 19. f3 Nf6 20. Bf2 Qc7 21. Qc2 Bd7
22. Nf5 Bxf5 23. Bxf5 Bh2+ 24. Kf1 Nh5 25. Rxe8+ Rxe8 26. Re1 Rxe1+ 27. Bxe1
Qe5 28. Bc8 Ng3+ 29. Bxg3 Bxg3 30. Qe2 Qxe2+ 31. Kxe2 b6 1/2-1/2

[Event "Madrid ch 2022-2023 Semifinal"]
[Site "Madrid ESP"]
[Date "2023.05.04"]
[Round "2.5"]
[White "Ruiz Vazquez, Javier"]
[Black "Centeno Mendoza, Julio Stefano"]
[Result "1/2-1/2"]
[WhiteElo "1983"]
[BlackElo "2148"]
[PlyCount "61"]
[EventDate "2023.05.03"]
[EventType "swiss"]
[EventRounds "9"]
[EventCountry "ESP"]
[SourceTitle "Ajedrez en Madrid"]
[Source "lmi"]
[SourceDate "2023.05.03"]
[SourceVersion "1"]
[SourceVersionDate "2023.05.10"]
[SourceQuality "1"]

1. e4 e5 2. Nf3 Nc6 3. Bc4 Bc5 4. d3 Nf6 5. Bg5 h6 6. Bh4 g5 7. Bg3 d6 8. c3
Bb6 9. Nbd2 Qe7 10. Qc2 a6 11. O-O-O Be6 12. Qa4 Bd7 13. Qc2 O-O-O 14. Rhe1 Kb8
15. Bb3 Na5 16. d4 Nxb3+ 17. axb3 exd4 18. e5 dxc3 19. bxc3 Nh5 20. exd6 Qf8
21. Nc4 Nxg3 22. fxg3 Bc5 23. dxc7+ Kxc7 24. b4 Ba7 25. Qe4 f6 26. Nd4 Bxd4 27.
Qxd4 Bc6 28. Qb6+ Kc8 29. Qa7 Kc7 30. Kb2 Rh7 31. Qb6+ 1/2-1/2

[Event "Madrid ch 2022-2023 Semifinal"]
[Site "Madrid ESP"]
[Date "2023.05.04"]
[Round "2.6"]
[White "Torres Boch, Jose Francisco"]
[Black "Martinez Garcia, Ruben"]
[Result "1-0"]
[WhiteElo "2139"]
[BlackElo "2030"]
[PlyCount "65"]
[EventDate "2023.05.03"]
[EventType "swiss"]
[EventRounds "9"]
[EventCountry "ESP"]
[SourceTitle "Ajedrez en Madrid"]
[Source "lmi"]
[SourceDate "2023.05.03"]
[SourceVersion "1"]
[SourceVersionDate "2023.05.10"]
[SourceQuality "1"]

1. e4 c5 2. Nf3 d6 3. d4 cxd4 4. Nxd4 Nf6 5. Nc3 a6 6. Bg5 e6 7. f4 h6 8. Bh4
Be7 9. Qf3 Nbd7 10. O-O-O Qc7 11. Be2 b5 12. Bxf6 Nxf6 13. e5 Bb7 14. Qg3 Nd5
15. Bh5 O-O 16. Nxd5 Bxd5 17. Nf5 exf5 18. Rxd5 Qc4 19. Rhd1 Qxa2 20. exd6 Bf6
21. Qa3 Qxa3 22. bxa3 g6 23. Bf3 Ra7 24. Rc5 Rd8 25. Rc7 Rd7 26. Rxa7 Rxa7 27.
Bc6 Kg7 28. Re1 g5 29. Re8 gxf4 30. d7 Rc7 31. Rc8 Bd8 32. Rxd8 Rxc6 33. Rc8
1-0

[Event "Madrid ch 2022-2023 Semifinal"]
[Site "Madrid ESP"]
[Date "2023.05.04"]
[Round "2.7"]
[White "Nunez Miranda, Adrian"]
[Black "Moreno Lopez, Avelino"]
[Result "1/2-1/2"]
[WhiteElo "2127"]
[BlackElo "2008"]
[PlyCount "87"]
[EventDate "2023.05.03"]
[EventType "swiss"]
[EventRounds "9"]
[EventCountry "ESP"]
[SourceTitle "Ajedrez en Madrid"]
[Source "lmi"]
[SourceDate "2023.05.03"]
[SourceVersion "1"]
[SourceVersionDate "2023.05.10"]
[SourceQuality "1"]

1. d4 Nf6 2. Nc3 d5 3. Bf4 e6 4. Nb5 Na6 5. e3 c6 6. Nc3 b6 7. Nf3 Bb7 8. Ne5
Rc8 9. a3 Bd6 10. g4 Bb8 11. Qf3 Qe7 12. Bd3 Nd7 13. Nxd7 Qxd7 14. g5 Bxf4 15.
Qxf4 Qc7 16. Qh4 Qe7 17. Rg1 Nb8 18. Ne2 c5 19. c3 Nd7 20. f4 g6 21. Rg4 Kd8
22. Qh3 Qf8 23. Rh4 Qg7 24. Ng1 Kc7 25. Nf3 Bc6 26. Ne5 Kb7 27. Kd2 Rcd8 28. b4
Ba4 29. Rb1 Ka8 30. Rh6 Rc8 31. b5 Nxe5 32. fxe5 Qf8 33. c4 Qe7 34. Qg2 cxd4
35. Rb4 dxe3+ 36. Ke2 Bxb5 37. cxb5 Rc3 38. Qg3 Rxa3 39. Rb2 Rxd3 40. Kxd3 Qa3+
41. Kc2 Rc8+ 42. Kb1 Qd3+ 43. Ka2 Qc4+ 44. Ka3 1/2-1/2

[Event "Madrid ch 2022-2023 Semifinal"]
[Site "Madrid ESP"]
[Date "2023.05.04"]
[Round "2.8"]
[White "Fernandez Rosado, Roberto"]
[Black "Estevez Sacristan, Deva"]
[Result "1-0"]
[WhiteElo "2126"]
[BlackElo "1978"]
[PlyCount "119"]
[EventDate "2023.05.03"]
[EventType "swiss"]
[EventRounds "9"]
[EventCountry "ESP"]
[SourceTitle "Ajedrez en Madrid"]
[Source "lmi"]
[SourceDate "2023.05.03"]
[SourceVersion "1"]
[SourceVersionDate "2023.05.10"]
[SourceQuality "1"]

1. e4 e6 2. d4 d5 3. Nc3 Be7 4. Be3 Nf6 5. e5 Nfd7 6. f4 c5 7. Nf3 Nc6 8. Qd2
a6 9. Be2 b5 10. O-O Qb6 11. Rad1 cxd4 12. Nxd4 Bc5 13. Bf3 Nxd4 14. Bxd4 Bxd4+
15. Qxd4 Bb7 16. Ne2 Qxd4+ 17. Nxd4 Ke7 18. Rfe1 g6 19. Kf2 h5 20. g3 Nc5 21.
c3 Rac8 22. h3 Rh7 23. Kg2 Na4 24. Rd2 Nc5 25. Rh1 Ne4 26. Re2 g5 27. fxg5 Nxg5
28. h4 Nxf3 29. Nxf3 Rg7 30. Rd1 Rg4 31. Rd4 Rxd4 32. Nxd4 b4 33. cxb4 Rc4 34.
Rd2 Rxb4 35. b3 f6 36. a3 Rb6 37. Re2 a5 38. Kf3 Ba6 39. Re3 Bb5 40. Kf4 Be8
41. Rc3 Rb7 42. Rc5 a4 43. b4 Kf7 44. Rc8 Bd7 45. Rc3 Kg6 46. Nf3 Bb5 47. Rc5
Be2 48. Nd4 Bg4 49. Rc6 fxe5+ 50. Kxe5 Rf7 51. b5 Rf1 52. b6 Re1+ 53. Kd6 Rb1
54. Kc7 Kf7 55. b7 e5 56. Nc2 Rxb7+ 57. Kxb7 d4 58. Kb6 d3 59. Ne3 Bf3 60. Rd6
1-0

[Event "Madrid ch 2022-2023 Semifinal"]
[Site "Madrid ESP"]
[Date "2023.05.04"]
[Round "2.9"]
[White "Rodriguez Avila, Alvaro"]
[Black "Carela Ferrer, Francisco Javier"]
[Result "1-0"]
[WhiteElo "2114"]
[BlackElo "1869"]
[PlyCount "81"]
[EventDate "2023.05.03"]
[EventType "swiss"]
[EventRounds "9"]
[EventCountry "ESP"]
[SourceTitle "Ajedrez en Madrid"]
[Source "lmi"]
[SourceDate "2023.05.03"]
[SourceVersion "1"]
[SourceVersionDate "2023.05.10"]
[SourceQuality "1"]

1. e4 c5 2. Nf3 g6 3. d4 cxd4 4. Nxd4 Bg7 5. c4 Nc6 6. Be3 Nf6 7. Nc3 O-O 8.
Be2 d6 9. O-O Nxd4 10. Bxd4 Bd7 11. h3 Bc6 12. Qc2 a5 13. Rad1 Qc7 14. b3 Nd7
15. Be3 Nc5 16. Nd5 Bxd5 17. Rxd5 Rfc8 18. Rfd1 b6 19. Bg4 Rd8 20. h4 Qc6 21.
Bf3 Qc7 22. h5 Rab8 23. g3 Nd7 24. hxg6 hxg6 25. Kg2 b5 26. Rc1 bxc4 27. Qxc4
Qb7 28. Rxa5 Ne5 29. Qd5 Qb4 30. Ra4 Qb7 31. Qxb7 Rxb7 32. Be2 Kf8 33. f4 Nd7
34. Ba6 Rbb8 35. Ba7 Nc5 36. Bxb8 Nxa4 37. Bc7 Ra8 38. Bb7 Re8 39. bxa4 Bb2 40.
Rc2 Ba3 41. a5 1-0

[Event "Madrid ch 2022-2023 Semifinal"]
[Site "Madrid ESP"]
[Date "2023.05.04"]
[Round "2.10"]
[White "Marin Aso, Jose Luis"]
[Black "Tenorio Garcia, Joel"]
[Result "0-1"]
[WhiteElo "1864"]
[BlackElo "2100"]
[PlyCount "54"]
[EventDate "2023.05.03"]
[EventType "swiss"]
[EventRounds "9"]
[EventCountry "ESP"]
[SourceTitle "Ajedrez en Madrid"]
[Source "lmi"]
[SourceDate "2023.05.03"]
[SourceVersion "1"]
[SourceVersionDate "2023.05.10"]
[SourceQuality "1"]

1. c4 Nf6 2. Nc3 d5 3. cxd5 Nxd5 4. g3 g6 5. Bg2 Nxc3 6. bxc3 Bg7 7. Nf3 O-O 8.
O-O c5 9. Rb1 Nc6 10. c4 b6 11. d3 Bf5 12. Bb2 Qd7 13. Re1 Rae8 14. Qa4 e5 15.
Ng5 Nd4 16. Qxd7 Bxd7 17. e3 Nc6 18. Rbd1 Rd8 19. h3 Ne7 20. Nf3 Ba4 21. Rd2
Nc6 22. Ng5 Nb4 23. Bf1 Rfe8 24. a3 Nc6 25. Ne4 Na5 26. Nc3 Bc6 27. e4 Nxc4 0-1

[Event "Madrid ch 2022-2023 Semifinal"]
[Site "Madrid ESP"]
[Date "2023.05.04"]
[Round "2.11"]
[White "Mota Cossio, Alberto"]
[Black "Rodriguez Melendez, Juan Humbert"]
[Result "0-1"]
[WhiteElo "2087"]
[BlackElo "2069"]
[PlyCount "88"]
[EventDate "2023.05.03"]
[EventType "swiss"]
[EventRounds "9"]
[EventCountry "ESP"]
[SourceTitle "Ajedrez en Madrid"]
[Source "lmi"]
[SourceDate "2023.05.03"]
[SourceVersion "1"]
[SourceVersionDate "2023.05.10"]
[SourceQuality "1"]

1. e4 c5 2. Nf3 d6 3. Bb5+ Nd7 4. c3 a6 5. Ba4 b5 6. Bc2 c4 7. O-O Ngf6 8. Re1
e6 9. d4 cxd3 10. Qxd3 Be7 11. Nd4 Bb7 12. Qg3 O-O 13. Bh6 Nh5 14. Qh3 Bg5 15.
Qxh5 Bxh6 16. a4 bxa4 17. Na3 Rc8 18. Bxa4 Rc5 19. Qh3 Nf6 20. Bc2 Qc7 21. Rad1
Rb8 22. Qf3 Ba8 23. Rb1 Re5 24. Qe2 Nxe4 25. Qxa6 Nd2 26. Nab5 Qb6 27. Qxb6
Rxb6 28. Ra1 Bb7 29. Bd3 g6 30. g3 Rxe1+ 31. Rxe1 e5 32. Nc7 exd4 33. Re8+ Bf8
34. Rb8 dxc3 35. bxc3 Rb3 36. Nb5 Be4 37. Bxe4 Nxe4 38. Re8 Rxb5 39. Rxe4 Rb1+
40. Kg2 Rc1 41. c4 Bg7 42. g4 Bc3 43. h4 Kg7 44. Kg3 Re1 0-1

[Event "Madrid ch 2022-2023 Semifinal"]
[Site "Madrid ESP"]
[Date "2023.05.04"]
[Round "2.12"]
[White "Vioque Gonzalez, Nicolas"]
[Black "Marin Lopez, Jeronimo"]
[Result "1-0"]
[WhiteElo "2081"]
[BlackElo "1874"]
[PlyCount "74"]
[EventDate "2023.05.03"]
[EventType "swiss"]
[EventRounds "9"]
[EventCountry "ESP"]
[SourceTitle "Ajedrez en Madrid"]
[Source "lmi"]
[SourceDate "2023.05.03"]
[SourceVersion "1"]
[SourceVersionDate "2023.05.10"]
[SourceQuality "1"]

1. d4 d6 2. e4 Nf6 3. Nc3 e5 4. Nge2 Nbd7 5. f3 c6 6. Be3 b5 7. Ng3 Qc7 8. Be2
Nb6 9. b3 Be7 10. O-O h5 11. a4 b4 12. Nb1 a5 13. c3 h4 14. Nh1 exd4 15. cxd4
Be6 16. Nd2 Kf8 17. Rc1 g6 18. d5 Nbxd5 19. exd5 Nxd5 20. Bd4 Rh7 21. Bc4 Nf4
22. Bxe6 Nxe6 23. Ne4 d5 24. Nc5 Bd6 25. Nxe6+ fxe6 26. Bc5 Ke8 27. Bxd6 Qxd6
28. Qc2 Kd7 29. Qxg6 Rah8 30. Nf2 Qf4 31. Rfe1 Re7 32. Ng4 Kd6 33. Qc2 Rc8 34.
Qc5+ Kd7 35. Qxa5 h3 36. Qa7+ Ke8 37. Qa6 c5 1-0

[Event "Madrid ch 2022-2023 Semifinal"]
[Site "Madrid ESP"]
[Date "2023.05.04"]
[Round "2.13"]
[White "Lozano Freras, Sergio"]
[Black "Garcia Galeote, Lorenzo"]
[Result "1-0"]
[WhiteElo "1971"]
[BlackElo "1855"]
[PlyCount "71"]
[EventDate "2023.05.03"]
[EventType "swiss"]
[EventRounds "9"]
[EventCountry "ESP"]
[SourceTitle "Ajedrez en Madrid"]
[Source "lmi"]
[SourceDate "2023.05.03"]
[SourceVersion "1"]
[SourceVersionDate "2023.05.10"]
[SourceQuality "1"]

1. e4 b6 2. d4 Bb7 3. Bd3 d6 4. Nf3 Nd7 5. O-O e6 6. Qe2 g6 7. Bg5 Ne7 8. Nbd2
h6 9. Be3 Bg7 10. h4 Nf6 11. e5 dxe5 12. Nxe5 O-O 13. Ndf3 Nf5 14. c3 Bxf3 15.
Nxf3 Nd5 16. Bxf5 exf5 17. Qd2 Kh7 18. Bf4 Re8 19. Rfe1 Re4 20. Bg3 Qe7 21. Ne5
Re8 22. f3 Rxe1+ 23. Rxe1 f4 24. Nxg6 Qf6 25. Nxf4 Rxe1+ 26. Qxe1 Nxf4 27. Qe4+
Ng6 28. h5 Qg5 29. hxg6+ fxg6 30. Bf4 Qd8 31. Qc6 Qh4 32. Qe4 Qd8 33. Qe6 c5
34. d5 h5 35. d6 Bf8 36. Qf7+ 1-0

[Event "Madrid ch 2022-2023 Semifinal"]
[Site "Madrid ESP"]
[Date "2023.05.04"]
[Round "2.14"]
[White "Martin Martin, Luis Vicente"]
[Black "Feal Albala, Alonso"]
[Result "1/2-1/2"]
[WhiteElo "1875"]
[BlackElo "1959"]
[PlyCount "81"]
[EventDate "2023.05.03"]
[EventType "swiss"]
[EventRounds "9"]
[EventCountry "ESP"]
[SourceTitle "Ajedrez en Madrid"]
[Source "lmi"]
[SourceDate "2023.05.03"]
[SourceVersion "1"]
[SourceVersionDate "2023.05.10"]
[SourceQuality "1"]

1. d4 Nf6 2. Bf4 g6 3. Nf3 Bg7 4. e3 O-O 5. h3 d6 6. Be2 Nc6 7. O-O Nd7 8. c3
e5 9. Bh2 f5 10. b4 a6 11. a4 e4 12. Nfd2 Ne7 13. c4 g5 14. Nc3 Ng6 15. c5 dxc5
16. bxc5 Kh8 17. Rc1 Nf6 18. Bc4 g4 19. hxg4 Nxg4 20. Bg3 f4 21. exf4 e3 22.
Nf3 exf2+ 23. Bxf2 Nxf2 24. Rxf2 Rxf4 25. Ne2 Rf8 26. Ne5 Nxe5 27. dxe5 Bxe5
28. Qxd8 Rxd8 29. Rf7 Bg4 30. Rcf1 Re8 31. Nf4 Rad8 32. Bd3 Rd7 33. Nh5 Bd4+
34. Kh2 Rxf7 35. Rxf7 Be5+ 36. g3 Bxh5 37. Rxh7+ Kg8 38. Rxh5 Bxg3+ 39. Kg2 Bf4
40. Rf5 Rf8 41. Kf3 1/2-1/2

[Event "Madrid ch 2022-2023 Semifinal"]
[Site "Madrid ESP"]
[Date "2023.05.04"]
[Round "2.15"]
[White "Lazaro Azcutia, Miguel"]
[Black "Sanchez Rodriguez, Jaime"]
[Result "1-0"]
[WhiteElo "1953"]
[BlackElo "1839"]
[PlyCount "113"]
[EventDate "2023.05.03"]
[EventType "swiss"]
[EventRounds "9"]
[EventCountry "ESP"]
[SourceTitle "Ajedrez en Madrid"]
[Source "lmi"]
[SourceDate "2023.05.03"]
[SourceVersion "1"]
[SourceVersionDate "2023.05.10"]
[SourceQuality "1"]

1. e4 d5 2. exd5 Qxd5 3. Nc3 Qd6 4. d4 Nf6 5. Nf3 c6 6. Bd3 Bg4 7. Be3 e6 8. h3
Bh5 9. Qe2 Nbd7 10. O-O-O Qc7 11. Kb1 O-O-O 12. g4 Bg6 13. Bxg6 hxg6 14. Ng5
Nb6 15. Qf3 Bd6 16. Nce4 Nbd5 17. Nxd6+ Rxd6 18. Bd2 Rd7 19. b3 b5 20. Rc1 b4
21. c4 bxc3 22. Bxc3 Kb7 23. Bd2 Rc8 24. Rc5 Qd6 25. Rhc1 Rdc7 26. R1c2 Kb8 27.
Qe2 Nb6 28. Nf3 Kb7 29. Ra5 Kb8 30. Qa6 Rb7 31. Ne5 Nfd5 32. Rac5 Rbc7 33. Ra5
Rb7 34. Rac5 Rbc7 35. a4 f6 36. Nd3 Ne7 37. Bf4 e5 38. dxe5 Qe6 39. Ka2 Ned5
40. Bg3 f5 41. a5 Nd7 42. R5c4 Ka8 43. Ra4 Nb8 44. Qc4 Re8 45. Nc5 Qe7 46. e6
f4 47. Bxf4 Nxf4 48. Qxf4 Rf8 49. Qe4 g5 50. Rd4 Rf4 51. Qe3 Rxd4 52. Qxd4 g6
53. Rd2 a6 54. b4 Rb7 55. Qh8 Qg7 56. Rd8 Qxh8 57. Rxh8 1-0

[Event "Madrid ch 2022-2023 Semifinal"]
[Site "Madrid ESP"]
[Date "2023.05.04"]
[Round "2.16"]
[White "Vinas Lopez, Carlos"]
[Black "Ruiz Bellon, Manuel"]
[Result "0-1"]
[WhiteElo "1874"]
[BlackElo "1944"]
[PlyCount "92"]
[EventDate "2023.05.03"]
[EventType "swiss"]
[EventRounds "9"]
[EventCountry "ESP"]
[SourceTitle "Ajedrez en Madrid"]
[Source "lmi"]
[SourceDate "2023.05.03"]
[SourceVersion "1"]
[SourceVersionDate "2023.05.10"]
[SourceQuality "1"]

1. d4 f5 2. Nc3 Nf6 3. Bg5 e6 4. e4 Be7 5. e5 Ng4 6. Bxe7 Qxe7 7. Nf3 b6 8. Bc4
Bb7 9. h3 Nh6 10. Qe2 a6 11. O-O-O Nc6 12. d5 Na5 13. dxe6 dxe6 14. Bd3 O-O 15.
Rhg1 b5 16. Qe3 c5 17. g3 Rac8 18. Ng5 c4 19. Bf1 b4 20. Nb1 b3 21. axb3 cxb3
22. c3 Nc4 23. Bxc4 Rxc4 24. Nd2 f4 25. Qd3 Qxg5 26. Qxc4 Bd5 27. Qd4 Qf5 28.
Nxb3 Bxb3 29. Rd2 fxg3 30. fxg3 Qxh3 31. Rf2 Nf5 32. Qb4 Bd5 33. Qf4 Qh6 34.
Qxh6 Nxh6 35. Rxf8+ Kxf8 36. Kd2 Ke7 37. Kd3 Ng4 38. Kd4 Nh2 39. Ra1 Nf3+ 40.
Kc5 Nxe5 41. Kb6 Nc4+ 42. Kc5 Nxb2 43. Rxa6 Nc4 44. Ra1 Ne3 45. Rb1 Kf6 46. Kb4
Kg5 0-1

[Event "Madrid ch 2022-2023 Semifinal"]
[Site "Madrid ESP"]
[Date "2023.05.04"]
[Round "2.17"]
[White "Roquero Redondo, Miguel"]
[Black "Cardena Contreras, Javier"]
[Result "0-1"]
[WhiteElo "1936"]
[BlackElo "1819"]
[PlyCount "62"]
[EventDate "2023.05.03"]
[EventType "swiss"]
[EventRounds "9"]
[EventCountry "ESP"]
[SourceTitle "Ajedrez en Madrid"]
[Source "lmi"]
[SourceDate "2023.05.03"]
[SourceVersion "1"]
[SourceVersionDate "2023.05.10"]
[SourceQuality "1"]

1. e4 c5 2. Nf3 Nf6 3. Nc3 d5 4. exd5 Nxd5 5. Bc4 e6 6. O-O Nc6 7. Qe2 Be7 8.
Re1 O-O 9. Nxd5 exd5 10. Bb5 Bf6 11. c3 Bg4 12. h3 Bh5 13. d3 Qd6 14. g4 Bg6
15. g5 Bd8 16. Ne5 Nxe5 17. Qxe5 Qb6 18. Ba4 Bc7 19. Qxd5 Rad8 20. Qg2 Bxd3 21.
Be3 Bb5 22. Bxb5 Qxb5 23. a4 Qxb2 24. Rab1 Qxc3 25. Rec1 Qd3 26. Bxc5 Rfe8 27.
Qxb7 Bf4 28. Rd1 Qxh3 29. Rxd8 Rxd8 30. Be7 Bh2+ 31. Kh1 Bg3+ 0-1

[Event "Madrid ch 2022-2023 Semifinal"]
[Site "Madrid ESP"]
[Date "2023.05.04"]
[Round "2.18"]
[White "Fernandez Garcia, Ignacio"]
[Black "Palomo Monserrat, Lorenzo"]
[Result "1-0"]
[WhiteElo "1840"]
[BlackElo "1929"]
[PlyCount "51"]
[EventDate "2023.05.03"]
[EventType "swiss"]
[EventRounds "9"]
[EventCountry "ESP"]
[SourceTitle "Ajedrez en Madrid"]
[Source "lmi"]
[SourceDate "2023.05.03"]
[SourceVersion "1"]
[SourceVersionDate "2023.05.10"]
[SourceQuality "1"]

1. e4 c5 2. Nf3 d6 3. Nc3 Nc6 4. Bc4 Nf6 5. h3 e6 6. d3 Be7 7. Bd2 O-O 8. a3 a6
9. Ba2 b5 10. Ne2 d5 11. e5 Nd7 12. Bf4 f6 13. exf6 Bxf6 14. c3 Nb6 15. Bg3 e5
16. O-O Be6 17. Qc1 g6 18. Nd2 Bh4 19. Ne4 Bxg3 20. N2xg3 Qe7 21. Ng5 Bf5 22.
N5e4 Bxe4 23. dxe4 c4 24. Qe3 d4 25. cxd4 Nxd4 26. b3 1-0

[Event "Madrid ch 2022-2023 Semifinal"]
[Site "Madrid ESP"]
[Date "2023.05.04"]
[Round "2.19"]
[White "Gaibor Gallardo, Gonzalo"]
[Black "Blazquez Sanz, Oscar"]
[Result "0-1"]
[WhiteElo "1923"]
[BlackElo "1800"]
[PlyCount "100"]
[EventDate "2023.05.03"]
[EventType "swiss"]
[EventRounds "9"]
[EventCountry "ESP"]
[SourceTitle "Ajedrez en Madrid"]
[Source "lmi"]
[SourceDate "2023.05.03"]
[SourceVersion "1"]
[SourceVersionDate "2023.05.10"]
[SourceQuality "1"]

1. d4 Nf6 2. c4 g6 3. Nc3 Bg7 4. e4 d6 5. Be2 O-O 6. Nf3 c5 7. O-O cxd4 8. Nxd4
Nc6 9. Be3 Nxd4 10. Bxd4 b6 11. Rc1 Bb7 12. f3 Rc8 13. Qd2 Qd7 14. Rfd1 Rfd8
15. Be3 Ne8 16. Bf4 Nc7 17. e5 d5 18. cxd5 Nxd5 19. Nxd5 Rxc1 20. Nf6+ exf6 21.
Qxc1 Qe7 22. Rxd8+ Qxd8 23. Qe3 fxe5 24. Bxe5 Qe7 25. f4 Bxe5 26. fxe5 Qb4 27.
Bf3 Bxf3 28. gxf3 Qxb2 29. e6 Qb1+ 30. Kg2 Qxa2+ 31. Kf1 Qxe6 32. Qf4 a5 33. h4
Qf5 34. Qb8+ Kg7 35. Qb7 b5 36. Kg2 a4 37. Qc6 Qe5 38. f4 Qxf4 39. Qxb5 a3 40.
h5 a2 41. Qb2+ Kh6 42. hxg6 Qe4+ 43. Kh3 Qf3+ 44. Kh2 Qh5+ 45. Kg3 Qxg6+ 46.
Kh3 Qe6+ 47. Kh4 Qe1+ 48. Kg4 a1=Q 49. Qh2+ Kg7 50. Qg2 Qg1 0-1

[Event "Madrid ch 2022-2023 Semifinal"]
[Site "Madrid ESP"]
[Date "2023.05.04"]
[Round "2.20"]
[White "Vukotic Jovsic, Dragan"]
[Black "Moreno Torrero, Javier"]
[Result "0-1"]
[WhiteElo "1836"]
[BlackElo "1910"]
[PlyCount "60"]
[EventDate "2023.05.03"]
[EventType "swiss"]
[EventRounds "9"]
[EventCountry "ESP"]
[SourceTitle "Ajedrez en Madrid"]
[Source "lmi"]
[SourceDate "2023.05.03"]
[SourceVersion "1"]
[SourceVersionDate "2023.05.10"]
[SourceQuality "1"]

1. d4 Nf6 2. Nf3 e6 3. Bf4 c5 4. e3 cxd4 5. exd4 d5 6. Bd3 Nc6 7. O-O Bd6 8.
Ne5 Nxd4 9. Bxh7 Bxe5 10. Bxe5 Nc6 11. Bxf6 Qxf6 12. Bd3 Qxb2 13. Nd2 Qe5 14.
f4 Qe3+ 15. Kh1 Bd7 16. Rf3 Qd4 17. Rb1 O-O-O 18. c3 Qc5 19. Rb5 Qa3 20. Qb1
Na5 21. Rb4 Bc6 22. Qc2 Nc4 23. Nxc4 dxc4 24. Rxc4 Kb8 25. Be4 Bxe4 26. Rxe4
Qxa2 27. Qc1 Rd2 28. Rg3 Rhd8 29. Rd4 R8xd4 30. cxd4 Qb2 0-1